000 01019nam a2200313Ia 4500
003 OSt
005 20221007124625.0
006 a|||||r|||| 00| 0
007 ta
008 221006b |||||||| |||| 00| 0 eng d
020 _a9788181284747 (pbk)
024 _a192441
037 _cTextual
040 _aCDL
_cCDL
_beng
041 _2eng
_aeng
082 _aE:26, N8;P0.2B;8-;10Carc
100 _aBockris John OM
245 0 _aModern electrochemistry 2B: electrodics in chemistry, engineering, biology, and environmental science
_b Reddy Amulya K.N
250 _a2
260 _aNew
_bdelhi Springer
_c2000
300 _axxiii, 2053p. ill.
_ccm.
500 _aIndex xxv-xiivp.; Reprint 2014
650 _a Bioelectrochemistry
650 _a Environmentally oriented electrochemistry
650 _aPhotoelectrochemistry
700 _a Reddy Amulya K.N
942 _hE:26, N8;P0.2B;8-;10Carc
_cTEXL
_2CC
999 _c1213824
_d1213824